000 00406nam a2200157 4500
999 _c509735
_d509735
008 190525b ||||| |||| 00| 0 eng d
100 _aArun, Chinmayi
_95940
245 _aOn whatsApp, rumours, and lynchings
260 _c2019
300 _ap.30-35.
650 _aWhatsApp
_95941
650 _aLynching
_95942
773 _aEconomic and Political Weekly
906 _aSocial media
942 _2ddc
_cAR